Running up that Hill - Kate Bush (all lyrics) - Statistics

General Stats
  • This quiz has been taken 79 times
  • The average score is 189 of 268
Answer Stats
Hint Lyrics % Correct
I
100%
A
93%
| Chorus | Outro And
89%
Make
89%
| Pre-chorus You
89%
Deal
87%
God
87%
| Chorus If
87%
Me
87%
That
87%
With
87%
Could
85%
Do
85%
Hill
85%
| Verse 1 It
85%
On
85%
Runnin
85%
Up
85%
Only
83%
The
83%
To
78%
Road
76%
Our
74%
Be
72%
Hurt
72%
Places
72%
Get
70%
Hear
70%
Him
70%
Swap
70%
How
67%
Building
65%
Doesn't
65%
I'd
65%
No
65%
Know,
63%
Know
63%
Wanna
63%
Feel
59%
It's
59%
| Verse 2 Oh
59%
Running
59%
I'm
57%
Feels
54%
In
54%
So
54%
Is
52%
Now
50%
We
50%
We?
50%
About
48%
Making?
48%
But
46%
| Bridge | Come Come
46%
Darling
46%
This
46%
From
43%
Let
43%
Problems
43%
There
43%
Don't
41%
For
41%
See,
41%
See
41%
Love?
39%
Baby
37%
Moment
37%
Won't
37%
Angel
35%
Experience
35%
Hearts
33%
Thunder
33%
Let's
30%
Steal
30%
Unhappy
30%
Exchange
28%
Much
28%
Deep
26%
Lies
26%
Ones
26%
Tell
26%
Bullet
24%
Tearing
22%
Both
15%
Hate
15%
Matter,
13%
Asunder
11%
Unaware
9%
No matching quizzes found
Score Distribution
Percent of People with Each Score
Percentile by Number Answered
Your Score History
You have not taken this quiz